00197nam a2200073Ia 4500008004100000100001900041245003500060260002800095170817s9999 xx 000 0 und d aSrivastava.D.N 0aBhartiya Shiksha Ka Paridrisya bSahitya Prakashan. Agra